| Tag |
First Indicator |
Second Indicator |
Subfields |
| LEADER |
00000cam a2200000 4500 |
| 001 |
in00000030389 |
| 005 |
20151007061555.0 |
| 008 |
770621s1941 nyuaf b 00110 engm |
| 010 |
|
|
|a 41006201
|
| 035 |
|
|
|a (OCoLC)03057248
|
| 035 |
|
|
|9 AAD2481AM
|
| 040 |
|
|
|a DLC
|c GUA
|d GUA
|d TXA
|d UtOrBLW
|
| 049 |
|
|
|a TXAM
|c [118279]
|
| 050 |
|
0 |
|a SB415
|b .T33
|
| 082 |
0 |
|
|a 635.982
|
| 092 |
|
|
|a 635.982
|b T243w
|
| 100 |
1 |
|
|a Taylor, Kathryn S.
|
| 245 |
1 |
0 |
|a Winter flowers in the sun-heated pit :
|b including the lean-to greenhouse as a complement to the pit /
|c by Kathryn S. Taylor and Edith W. Gregg.
|
| 264 |
|
1 |
|a New York :
|b C. Scribner's Sons,
|c 1941.
|
| 300 |
|
|
|a xix, 1 unnumbered page, 294 pages including illustrations, tables :
|b color frontispiece, plates (1 folded) ;
|c 22 x 17 cm.
|
| 336 |
|
|
|a text
|b txt
|2 rdacontent
|
| 337 |
|
|
|a unmediated
|b n
|2 rdamedia
|
| 338 |
|
|
|a volume
|b nc
|2 rdacarrier
|
| 504 |
|
|
|a Bibliography: pages 284-286.
|
| 650 |
|
0 |
|a Greenhouses.
|
| 650 |
|
0 |
|a Floriculture.
|
| 700 |
1 |
|
|a Gregg, Edith W.
|
| 999 |
|
|
|a MARS
|
| 999 |
f |
f |
|s 9a962693-d9a8-3bfc-b450-5d83e47aac96
|i a4d03309-bb32-3051-b3e2-521f6051a7fd
|t 0
|
| 952 |
f |
f |
|p ric
|a Texas A&M University
|b Rellis Campus
|c Joint Library Facility
|d Remote Storage
|t 0
|e SB415 .T33
|h Library of Congress classification
|i unmediated -- volume
|m A14801087507
|
| 998 |
f |
f |
|a SB415 .T33
|t 0
|l Remote Storage
|